000 00588nam a22002417a 4500
003 UA-OsUOA
001 30490
007 ta
008 20041110b un ||||| |||| 00| 0 ukr d
100 _aМережковский Д.С.
090 _a821.161.1
_bМ43
942 _cBK
040 _aUA-OsUOA
_brus
_cUA-OsUOA
_dUA-OsUOA
245 _aАлександр I
300 _a337 с.
955 _a0
041 _arus
080 _a821.161.1
260 _aС.-Петербург
_bИздание Т-ва М.Ою Вольф
_c1913
044 _aRU
650 7 _2UDC
999 _c316902
_d316902